Responses for Show #8183 - Wednesday, March 18, 2020

Contestants

[<< previous game]

Andrea Dragan, a research compliance manager from Silver Spring, Maryland

Emmy Crawford, a program officer from Arlington, Virginia

Kris Sunderic, an adjunct professor from New York, New York (whose 1-day cash winnings total $16,601)

[next game >>]

Jeopardy! Round responses

BIOGRAPHIES & MEMOIRS
FORTYSOMETHING
TRANSLATED CITIES
TV STARS
STAGEY DIALOGUE
THE MANDELA EFFECT
(Alex: Very strong memories turn out to not quite match the facts.)
    $200 10
Orange is the New Black

Andrea
    $200 8
Las Vegas

Andrea
    $200 9
(Ray) Romano

Andrea
    $200 15
the wings

Andrea
    $400 11
Snowden

Emmy
    $400 27
the Gutenberg Bible

Triple Stumper
    $400 19
Baton Rouge

Emmy
    $400 5
Succession

Kris
    $400 17
a scene-stealer

Emmy
    $400 16
(Tom) Cruise

Emmy
    $600 12
Becoming

Andrea
    $600 24
chromosomes

Kris
    $600 20
Rio de Janeiro

Andrea
    $600 4
Ricky Gervais

Emmy
    $600 18
curtains

Kris
    $600 1
peanut butter

Kris
    $800 13
(Andrea: Who is Wilde?)

(Samuel) Beckett

EmmyAndrea
    $800 25
Arizona

Triple Stumper
    $800 21
(Emmy: What is Munich?)

Essen

Emmy
Triple Stumper
    $800 6
Law and Order: SVU

Kris
    $800 23
(Alex: With less than a minute to go.)

cue

Kris
    $800 2
"We Are The Champions"

Kris
    $2,800 14
(Emmy: Who is Hawking?)

Albert Einstein

Emmy
    $1000 26
41 & 43

Kris
    $1000 22
Des Moines

Andrea
    $1000 7
(Ellen) Barkin

Emmy
    $1000 28
[The end-of-round signal sounds.]

a showstopper

Emmy
    $1000 3
green

Kris

Scores at the first commercial break (after clue 14):

Kris Emmy Andrea
$3,600 $0 $400

Scores at the end of the Jeopardy! Round:

Kris Emmy Andrea
$6,600 $1,400 $2,200

Double Jeopardy! Round responses

PLACES IN FANTASY
ENDS WITH A 3-LETTER BODY PART
BATTLE SHIPS
CLASSIC SONGS
LIFE
INSURED BY LLOYD'S
    $400 13
disarm

Emmy
    $400 1
amore

Kris
    $400 18
mRNA, Messenger RNA

Kris
    $800 5
(Andrea: Uh, what is Nottingham?)

the Big Bad Wolf

EmmyAndrea
    $800 14
a fisheye

Emmy
    $800 27
[The end-of-round signal sounds.]

the Revolutionary War

Andrea
    $800 6
(Alex: Yep. Pretty song.)

"What A Wonderful World"

Andrea
    $800 26
skin

Emmy
    $800 25
the Spirit of St. Louis

Kris
    $1200 2
Westeros

Kris
    $1200 15
tic-tac-toe

Emmy
    $1200 22
Zachary Taylor

Triple Stumper
    $1200 7
(Charlie) Chaplin

Andrea
    $1200 19
a parasite

Kris
    $1200 10
the San Francisco earthquake

Andrea
    $3,000 3
(Kris: What is... Middle-earth?)

Bag End

Kris
    $3,000 16
lockjaw

Emmy
    $1600 23
(Alex: Good, with less than a minute now.)

San Diego

Andrea
    $1600 8
(Kris: What is "Those Irish Eyes Are Smiling"?)

"When Irish Eyes Are Smiling"

Kris
Triple Stumper
    $1600 20
the large intestine

Kris
    $1600 11
the Hindenburg

Andrea
    $2000 4
Harry Dresden

Triple Stumper
    $2000 17
rose hip

Triple Stumper
    $2000 24
(Emmy: What is Sharpsburg?)

Vicksburg

EmmyAndrea
    $2000 9
"Hallelujah"

Kris
    $2000 21
fight-or-flight

Kris
    $2000 12
(Kris: What is Labrador?)

Newfoundland

KrisAndrea

Scores at the end of the Double Jeopardy! Round:

Kris Emmy Andrea
$9,600 $6,400 $12,600

[wagering suggestions for these scores]

Final Jeopardy! Round responses

FAIRS & EXPOSITIONS
(Alex: [To Emmy] You were probably thinking of the voyage of Christopher Columbus in 1492 and he was associated with both of those places.)
EmmyWhat is 1992?
$6,200
KrisWhat is 1492?
$3,600
AndreaWhat is 1992?
$6,601
1992

Final scores:

Kris Emmy Andrea
$6,000 $12,600 $19,201
3rd place: $1,000 2nd place: $2,000 New champion: $19,201

Game dynamics:

Coryat scores:

Kris Emmy Andrea
$12,600 $7,800 $12,600
17 R,
3 W
(including 1 DD)
14 R
(including 1 DD),
3 W
(including 1 DD)
15 R,
2 W

Combined Coryat: $33,000

[game clues] [game scores] [suggest correction]

Game tape date: 2020-01-15
The J! Archive is created by fans, for fans. Scraping, republication, monetization, and malicious use prohibited; this site may use cookies and collect identifying information. See terms. The Jeopardy! game show and all elements thereof, including but not limited to copyright and trademark thereto, are the property of Jeopardy Productions, Inc. and are protected under law. This website is not affiliated with, sponsored by, or operated by Jeopardy Productions, Inc. Join the discussion at JBoard.tv.